The fastest boy in the world / (Record no. 362)

MARC details
000 -LEADER
fixed length control field 01525nam a22003497a 4500
001 - CONTROL NUMBER
control field 362
003 - CONTROL NUMBER IDENTIFIER
control field FISKH
005 - DATE AND TIME OF LATEST TRANSACTION
control field 20230329110601.0
008 - FIXED-LENGTH DATA ELEMENTS--GENERAL INFORMATION
fixed length control field 230329b cb ||||| |||| 00| 0 eng d
020 ## - INTERNATIONAL STANDARD BOOK NUMBER
International Standard Book Number 9781447267171
040 ## - CATALOGING SOURCE
Original cataloging agency DLC
Language of cataloging eng
Description conventions rda
Transcribing agency DLC
Modifying agency DLC
-- FISKH
042 ## - AUTHENTICATION CODE
Authentication code pcc
043 ## - GEOGRAPHIC AREA CODE
Geographic area code f-et---
050 00 - LIBRARY OF CONGRESS CALL NUMBER
Classification number PZ7.L1579
Item number Fa 2014
082 ## - DEWEY DECIMAL CLASSIFICATION NUMBER
Classification number 823.914
100 1# - MAIN ENTRY--PERSONAL NAME
Personal name Laird, Elizabeth,
Relator term author.
245 14 - TITLE STATEMENT
Title The fastest boy in the world /
Statement of responsibility, etc. Elizabeth Laird ; illustrated by Peter Bailey.
264 #1 - PRODUCTION, PUBLICATION, DISTRIBUTION, MANUFACTURE, AND COPYRIGHT NOTICE
Place of production, publication, distribution, manufacture London :
Name of producer, publisher, distributor, manufacturer Macmillan Children's Books,
Date of production, publication, distribution, manufacture, or copyright notice 2014.
300 ## - PHYSICAL DESCRIPTION
Extent 163, 4 pages :
Other physical details illustrations ;
Dimensions 20 cm
336 ## - CONTENT TYPE
Content type term text
Content type code txt
Source rdacontent
337 ## - MEDIA TYPE
Media type term unmediated
Media type code n
Source rdamedia
338 ## - CARRIER TYPE
Carrier type term volume
Carrier type code nc
Source rdacarrier
505 ## - FORMATTED CONTENTS NOTE
Formatted contents note M
520 ## - SUMMARY, ETC.
Summary, etc. The great athletes of the Ethiopian national team are his heroes and he dreams that one day he will be a gold-medal-winning athlete like them, in spite of his ragged shorts and bare feet. When his grandfather announces that he's going to take Solomon to Addis Ababa, Solomon cannot believe his ears. A trip to the capital? It's unfathomable. Solomon's joy is increased when he realizes that the Ethiopian running team will be doing a victory parade through the city that day.
521 8# - TARGET AUDIENCE NOTE
Target audience note 690 <br/>
Source Lexile
521 8# - TARGET AUDIENCE NOTE
Target audience note M <br/>
Source Raz-Plus
651 #0 - SUBJECT ADDED ENTRY--GEOGRAPHIC NAME
Geographic name Ethiopia
Form subdivision Juvenile fiction.
655 #0 - INDEX TERM--GENRE/FORM
Genre/form data or focus term Children's stories.
906 ## - LOCAL DATA ELEMENT F, LDF (RLIN)
a 7
b cbc
c origres
d 3
e ncip
f 20
g y-gencatlg
942 ## - ADDED ENTRY ELEMENTS (KOHA)
Source of classification or shelving scheme Dewey Decimal Classification
Koha item type Books
Suppress in OPAC No
Holdings
Withdrawn status Lost status Source of classification or shelving scheme Damaged status Not for loan Collection Home library Current library Shelving location Date acquired Total Checkouts Full call number Barcode Date last seen Date last checked out Price effective from Koha item type
    Dewey Decimal Classification     Juvenile Fiction Footprints International School Library Network Toul Kork Campus Footprints International School Library Network Toul Kork Campus TK Primary Library Room(4th Floor), Bookcase 5&6, Shelves 33-56, Orange Books 03/29/2023 1 LAI 823.914 PZ7.L1579 2023-0070 11/22/2023 08/09/2023 03/29/2023 Books